ज़फ़रनामा / (Record no. 1258366)

MARC details
000 -LEADER
fixed length control field 01214nam a2200337 a 4500
001 - CONTROL NUMBER
control field vtls001826863
003 - CONTROL NUMBER IDENTIFIER
control field NLI
005 - DATE AND TIME OF LATEST TRANSACTION
control field 20210629053920.0
008 - FIXED-LENGTH DATA ELEMENTS--GENERAL INFORMATION
fixed length control field 140218n ii c 001 s hin
020 ## - INTERNATIONAL STANDARD BOOK NUMBER
Terms of availability Rs. 6.00
039 #9 - LEVEL OF BIBLIOGRAPHIC CONTROL AND CODING DETAIL [OBSOLETE]
-- 201402181558
-- VLOAD
040 ## - CATALOGING SOURCE
Original cataloging agency NLI
Language of cataloging hineng
Transcribing agency Datasoft_Hindi_S
Description conventions AACR2
041 0# - LANGUAGE CODE
Language code of text/sound track or separate title hin
044 ## - COUNTRY OF PUBLISHING/PRODUCING ENTITY CODE
MARC country code ii
082 04 - DEWEY DECIMAL CLASSIFICATION NUMBER
Classification number 891.55
100 1# - MAIN ENTRY--PERSONAL NAME
Linkage 880-01
Personal name गोविन्दसिंह, गुरू
9 (RLIN) 678652
245 10 - TITLE STATEMENT
Linkage 880-02
Title ज़फ़रनामा /
Statement of responsibility, etc. गुरू गोविन्दसिंह
260 ## - PUBLICATION, DISTRIBUTION, ETC.
Place of publication, distribution, etc. दिल्ली :
Name of publisher, distributor, etc. लाल साहिग राम,
Date of publication, distribution, etc. [n.d.]
300 ## - PHYSICAL DESCRIPTION
Extent -v. :
Other physical details port. ;
Dimensions 19 cm.
500 ## - GENERAL NOTE
General note Includes index
650 #0 - SUBJECT ADDED ENTRY--TOPICAL TERM
Topical term or geographic name entry element Speeches, addresses, etc, Persian
9 (RLIN) 700474
650 #0 - SUBJECT ADDED ENTRY--TOPICAL TERM
Topical term or geographic name entry element Persian speeches
General subdivision Translations into Hindi
9 (RLIN) 700475
880 10 - ALTERNATE GRAPHIC REPRESENTATION
Linkage 100-01(B
a Govindasiṁha, Gurū
880 10 - ALTERNATE GRAPHIC REPRESENTATION
Linkage 245-02(B
a Zafaranāmā /
c Gurū Govindasiṁha
887 ## - NON-MARC INFORMATION FIELD
Content of non-MARC field Imran Samim 14.01.2012 (Mita 10.03.2012)
901 ## - LOCAL DATA ELEMENT A, LDA (RLIN)
a A30249
b 17.06.1972
902 ## - LOCAL DATA ELEMENT B, LDB (RLIN)
a H 891.55 Go 619
904 ## - LOCAL DATA ELEMENT D, LDD (RLIN)
c Imran Samim 14.01.2012 (Mita 10.03.2012)
l D 34863
949 ## - LOCAL PROCESSING INFORMATION (OCLC)
-- VIRTUAITEM
-- 10000
-- 100
6 AXX000030249HIN
942 ## - ADDED ENTRY ELEMENTS (KOHA)
Source of classification or shelving scheme Dewey Decimal Classification
Koha item type Books
Holdings
Withdrawn status Lost status Damaged status Not for loan Collection code Home library Current library Shelving location Date acquired Total Checkouts Full call number Barcode Date last seen Price effective from Koha item type
        Hindi National Library of India National Library of India Hindi - Book - Main Stack Division     H 891.55 Go 619 AXX000030249HIN 29/06/2021 29/06/2021 Books
                                                                           
web counter

Copyright ©2020 The National Library of India, Govt. of India ↔ Hosted by NVLI, MOC ↔ Technology and Design by National Library of India, Ministry of Culture, Govt. of India